Llwytho...

Susruta samhita /

Manylion Llyfryddiaeth
Awduron Eraill: Susruta
Fformat: Printed Book
Iaith:English
Cyhoeddwyd: Varanasi: Chowkhamba, 2008.
Pynciau:
LEADER 00547cam a2200193ua 4500
008 090717t2008||||||||||| 00 ||eng c
020 |a 81-218-0011-0 
041 0 |a eng 
082 |a 615.538  |b SUS/S 
245 0 0 |a Susruta samhita /  
260 |a Varanasi:  |b Chowkhamba,  |c 2008. 
362 1 |a 2008. 
365 |e hb 
650 |a Ayurvada 
650 0 |a Medical science 
700 0 2 |a Susruta,  
942 |c BK 
999 |c 21434  |d 21434 
952 |0 0  |1 0  |4 0  |6 615_538000000000000_SUS  |7 0  |9 22691  |a KUCL  |b KUCL  |d 2014-05-23  |l 0  |o 615.538 SUS/  |p 21613  |r 2017-03-09  |w 2014-05-23  |y BK